LIBRARY & INFORMATION CENTRE, KCAET, TAVANUR

ONLINE PUBLIC ACCESS CATALOGUE (OPAC)

Development and performance evaluation of a batch -type wast fired dryer for Cocoa (Record no. 17391)

MARC details
000 -LEADER
fixed length control field 00525nam a22001817a 4500
003 - CONTROL NUMBER IDENTIFIER
control field OSt
082 ## - DEWEY DECIMAL CLASSIFICATION NUMBER
Classification number 664
Item number AFN/DE
088 ## - REPORT NUMBER
Report number P 513
100 ## - MAIN ENTRY--AUTHOR NAME
Personal name Afnan Mohammed
100 ## - MAIN ENTRY--AUTHOR NAME
Personal name Albin Binny
100 ## - MAIN ENTRY--AUTHOR NAME
Personal name Aysha Meharin
100 ## - MAIN ENTRY--AUTHOR NAME
Personal name Mariya Lal
245 ## - TITLE STATEMENT
Title Development and performance evaluation of a batch -type wast fired dryer for Cocoa
260 ## - PUBLICATION, DISTRIBUTION, ETC. (IMPRINT)
Place of publication KCAET, TAVANUR
Name of publisher Department of processing and food engineering
Year of publication 2021
300 ## - PHYSICAL DESCRIPTION
Number of Pages 70 P
700 ## - ADDED ENTRY--PERSONAL NAME
Personal name Rajesh G K (guide)
942 ## - ADDED ENTRY ELEMENTS (KOHA)
Koha item type Project Report
Holdings
Collection code Home library Current library Shelving location Full call number Accession Number Koha item type
Reference KAUAET KAUAET Reference 664 AFN/DE P 513 Project Report
free website counter